UBT Library

History of the great American fortunes (Record no. 39701)

000 -LEADER
fixed length control field 00745cam a22002531 4500
001 - CONTROL NUMBER
control field 1691047
005 - DATE AND TIME OF LATEST TRANSACTION
control field 20180104045516.0
007 - PHYSICAL DESCRIPTION FIXED FIELD--GENERAL INFORMATION
fixed length control field hduafb---baca
007 - PHYSICAL DESCRIPTION FIXED FIELD--GENERAL INFORMATION
fixed length control field hdubfb---baaa
008 - FIXED-LENGTH DATA ELEMENTS--GENERAL INFORMATION
fixed length control field 790718r19771936dcu a 000 0 eng
010 ## - LIBRARY OF CONGRESS CONTROL NUMBER
LC control number 36031209
040 ## - CATALOGING SOURCE
Original cataloging agency DLC
Transcribing agency DLC
Modifying agency DLC
041 ## - LANGUAGE CODE
Language code of text/sound track or separate title eng
043 ## - GEOGRAPHIC AREA CODE
Geographic area code n-us---
080 ## - UNIVERSAL DECIMAL CLASSIFICATION NUMBER
Universal Decimal Classification number 339.2
082 00 - DEWEY DECIMAL CLASSIFICATION NUMBER
Classification number 339.2 MYE
100 1# - Rafti
Rafti 21
101 ## - Shkurtesa
Shkurtesa GJL
245 10 - TITLE STATEMENT
Title History of the great American fortunes
Statement of responsibility, etc by Gustavus Myers.
533 ## - REPRODUCTION NOTE
Type of reproduction Microfilm.
Place of reproduction Washington, D.C. :
Agency responsible for reproduction Library of Congress Photoduplication Service,
Date of reproduction 1977.
Physical description of reproduction 1 microfilm reel ; 35 mm.
590 ## - LOCAL NOTE (RLIN)
Local note LC copy replaced by microfilm.
906 ## - LOCAL DATA ELEMENT F, LDF (RLIN)
a 7
b cbc
c orignew
d u
e ocip
f 19
g y-genmicro
942 ## - ADDED ENTRY ELEMENTS (KOHA)
Source of classification or shelving scheme
Item type Books

No items available.

UBT Library © 2015-2024. All rights reserved University Education for Business and Technology